The family in various cultures / (Record no. 10609)

MARC details
000 -LEADER
fixed length control field 00809pam a2200253 a 4500
001 - CONTROL NUMBER
control field 4733493
003 - CONTROL NUMBER IDENTIFIER
control field GBCCL
005 - DATE AND TIME OF LATEST TRANSACTION
control field 20250204102521.0
008 - FIXED-LENGTH DATA ELEMENTS--GENERAL INFORMATION
fixed length control field 841009s1985 nyu b 001 0 eng
020 ## - INTERNATIONAL STANDARD BOOK NUMBER
International Standard Book Number 0060425687 (pbk.)
040 ## - CATALOGING SOURCE
Original cataloging agency DLC
Transcribing agency DLC
Modifying agency DLC
082 00 - DEWEY DECIMAL CLASSIFICATION NUMBER
Classification number 306.8509
Edition information 19
Item number QUE 1
100 1# - MAIN ENTRY--PERSONAL NAME
Personal name Queen, Stuart Alfred,
Dates associated with a name 1890-1987
245 14 - TITLE STATEMENT
Title The family in various cultures /
Statement of responsibility, etc. Stuart A. Queen, Robert W. Habenstein, Jill Sobel Quadagno.
250 ## - EDITION STATEMENT
Edition statement 5th ed.
260 ## - PUBLICATION, DISTRIBUTION, ETC.
Place of publication, distribution, etc. New York, N.Y. :
Name of publisher, distributor, etc. Harper & Row,
Date of publication, distribution, etc. c1985.
300 ## - PHYSICAL DESCRIPTION
Extent xiii, 401 p. ;
Dimensions 23 cm.
504 ## - BIBLIOGRAPHY, ETC. NOTE
Bibliography, etc. note Includes bibliographies and indexes.
650 #0 - SUBJECT ADDED ENTRY--TOPICAL TERM
Topical term or geographic name entry element Families
General subdivision History.
700 1# - ADDED ENTRY--PERSONAL NAME
Personal name Habenstein, Robert Wesley,
Dates associated with a name 1914-
700 1# - ADDED ENTRY--PERSONAL NAME
Personal name Quadagno, Jill S.
906 ## - LOCAL DATA ELEMENT F, LDF (RLIN)
a 7
b cbc
c orignew
d 1
e ocip
f 19
g y-gencatlg
942 ## - ADDED ENTRY ELEMENTS (KOHA)
Source of classification or shelving scheme Dewey Decimal Classification
Koha item type Books
Suppress in OPAC No
Holdings
Withdrawn status Lost status Source of classification or shelving scheme Damaged status Not for loan Home library Current Library Shelving location Date acquired Total checkouts Full call number Barcode Date last seen Copy number Price effective from Koha item type
    Dewey Decimal Classification     GRACE BIBLE COLLEGE GRACE BIBLE COLLEGE General Studies 2025-02-04   306.8509 QUE 020992 2025-05-01 c.1 2025-02-04 Books
© Grace Bible College Library 2025